|
|
|
|
| LEADER |
00000nam a22000007a 4500 |
| 005 |
20140508022713.0 |
| 007 |
cr|||| |||| |
| 008 |
140508s2013 es |||||s|||| 00||0 spa d |
| 020 |
|
|
|a 978-84-9031-812-6
|
| 035 |
|
|
|a 12135
|
| 040 |
|
|
|a vLex
|
| 090 |
|
|
|c 4924
|d 4924
|
| 100 |
1 |
|
|a Garcia Rubio, Fernando
|
| 245 |
1 |
0 |
|a Eficiencia energťica y derecho
|h [Recurso electrn̤ico] /
|c Fernando Garcia Rubio, Lorenzo Mellado Ruiz
|
| 256 |
|
|
|a Servicio en ln̕ea
|
| 260 |
|
|
|a Madrid:
|b Dykinson,
|c 2013
|
| 300 |
|
|
|a 1 recurso electrn̤ico
|
| 500 |
|
|
|a En diversas partes del se hace referencia (al menos de forma incidental) tanto a la nueva Directiva marco comunitaria sobre eficiencia energťica como a la reciente e importante Ley estatal 8/2013, de 26 de junio, de rehabilitacin̤, regeneracin̤ y renovacin̤ urbanas. Justo en el momento de su finalizacin̤ colectiva, ha aparecido finalmente la primera de ellas. Se trata de la Directiva 2012/27/UE, del Parlamento Europeo y del Consejo, de 25 de octubre, relativa a la eficiencia energťica? El libro se estructura en tres grandes bloques, correspondientes con los m̀bitos y planos ms̀ importantes de incidencia actual de las exigencias de ahorro y eficiencia energťica: edificacin̤, eficiencia energťica y contratacin̤ y medidas de eficiencia energťica correspondientes a cada nivel institucional-territorial. Los bloques y los estudios son desarrollo de las ponencias que se presentaron en su da̕ en las "Jornadas sobre organizacin̤ y competencias municipales y su proyeccin̤ en materia de eficiencia energťica y vivienda".
|
| 506 |
1 |
|
|a Disponible solo en los productos indicados
|d vLex Global
|d vLex Global (Academic Edition, excluding Law Schools)
|d vLex Global (U.S. Academic Edition, Law Schools)
|d vLex Global (U.S. Academic Edition, excluding Law Schools)
|d vLex Global (Academic Edition, Law Schools)
|
| 650 |
0 |
4 |
|a Derecho Civil
|z Espaą
|
| 700 |
1 |
|
|a Mellado Ruiz, Lorenzo
|
| 740 |
0 |
|
|a vLex Libros (Servicio en ln̕ea)
|
| 856 |
4 |
0 |
|u http://vlex.com/source/eficiencia-energetica-y-derecho-12135
|z Acceso restringido
|
| 942 |
|
|
|c BOOK
|
| 999 |
0 |
|
|a Civil Law
|